000 01628cam a2200205 i 4500
999 _c14364
_d14364
003 OSt
005 20260214104011.0
008 230905s2024 enka b 001 0 eng
020 _a9781350359468
_q(hardback)
082 0 0 _a700.1/03
_223/eng/20231212
245 0 4 _aThe handbook of cultural work /
_cedited by Christos Carras.
300 _a330 pages :
_billustrations ;
_c25 cm
504 _aIncludes bibliographical references and index.
520 _a"This open access handbook explores the increasingly cross-disciplinary nature of cultural work and assesses how it engages with other fields, such as: education, research, and health; as well as the defining issues of our time such as the climate emergency, the quest for sustainable development, discrimination of all kinds, and the need for achieving greater inclusivity. Each of the book's six sections includes contributions from scholars and practitioners from across Europe based both on their experience of working in and a theoretical analysis of these areas. The book is essential reading for students of arts and cultural management, management in other creative industries, and curation. The eBook editions of this book are available open access under a CC BY-NC-ND 4.0 licence on bloomsburycollections.com. Open access was funded by The Onassis Foundation, Greece"--
650 0 _aArts and society
_zEurope.
650 0 _aCultural industries
_xSocial aspects
_zEurope.
700 1 _aCarras, Christos,
_d1962-
_eeditor.
776 0 8 _iOnline version:
_tHandbook of cultural work
_dLondon : Bloomsbury Visual Arts, 2024
_z9781350359475
_w(DLC) 2023036464
942 _2ddc